| 000 | 01016nam a2200265 i 4500 | ||
|---|---|---|---|
| 001 | 8779 | ||
| 003 | KOSZ 005 | ||
| 005 | 20210427130450.0 | ||
| 008 | 080313s1967 pl f 000 0 pol | ||
| 015 | _aPB 1967/9665 | ||
| 040 |
_aWA N _cKOSZ 005/RW _dKOSZ 005/RW |
||
| 080 | _a371:301 | ||
| 100 | 1 |
_aLewin, Aleksander _d(1915-2002). _eAutor |
|
| 245 | 1 | 0 |
_aJednostka i grupa w systemie wychowania kolektywnego / _cAleksander Lewin. |
| 260 |
_aWarszawa : _bPaństwowe Zakłady Wydawnictw Szkolnych, _c1967. |
||
| 300 |
_a234, [2] s. ; _c23 cm. |
||
| 380 | _aKsiążki. | ||
| 490 | 1 | _aBiblioteka Nauczyciela. C, Treść i Metody Wychowania. | |
| 504 | _aBibliogr. s. 233-[235]. | ||
| 650 | 4 | _aPedagogika społeczna | |
| 710 | 2 |
_aPaństwowe Zakłady Wydawnictw Szkolnych _4pbl. |
|
| 830 | 0 |
_aBiblioteka Nauczyciela. _nC, _pTreść i Metody Wychowania. |
|
| 856 |
_uhttp://koha.tu.koszalin.pl/cgi-bin/koha/opac-detail.pl?biblionumber=8779 _yKatalog online BPK |
||
| 942 |
_2UKD _cKS |
||
| 999 |
_c8779 _d8779 |
||